00577nam 2200157 45000010005000000110014000051000041000191010008000602000152000682100067002202150022002876060018003096060018003277100054003458010020003995952 a0183-2662 a20190729k u||y0frey50 ba afre aAmour et famillebBrochureefiches documentairesfdu Centre de Liaison des Equipes de Recherche (CLER)h132-133iLes méthodes d'auto-observations aPariscCentre de Liaison des Equipes de Recherche (CLER)d1982 a78 p.cilld21 cm aGynécologie aContraception aCentre de Liaison des Equipes de Recherche (CLER) aCHbCH-002049-8